Responses for Show #2649 - Thursday, February 22, 1996

1996 College Championship final game 1.

Contestants

[<< previous game]

Vandana Madhavan, a sophomore from Harvard University

Bryan Fagan, a junior from Southwest Missouri State University

Shane Whitlock, a junior from the University of Arkansas

[next game >>]

Jeopardy! Round responses

THE AMERICAN REVOLUTION
WINONA RYDER FILMS
SOUTH AMERICA
PIANISTS
LIBRARIES
"SH"
    $100 8
Cornwallis

Bryan
    $100 14
Jo March

Vandana
    $100 1
the Amazon

Shane
    $100 7
(Shane: Who is Branford Marsalis?)

Wynton Marsalis

ShaneBryan
    $100 15
the Dead Sea Scrolls

Vandana
    $100 6
shy

Shane
    $200 9
Ethan Allen

Bryan
    $200 25
Cher

Shane
    $200 2
quinine

Vandana
    $200 23
Carnegie Hall

Vandana
    $200 16
Austin

Shane
    $200 13
shamrock

Bryan
    $300 10
Savannah

Shane
    $300 27
Edward Scissorhands

Shane
    $300 3
(Bryan: What is Venezuela?)

Colombia

ShaneBryan
    $300 24
Jelly Roll Morton

Bryan
    $300 17
Virgil

Shane
    $300 20
shopping

Bryan
    $400 11
Treaty of Paris

Shane
    $400 29
How to Make an American Quilt

Bryan
    $500 4
Tierra del Fuego

Shane
    $400 26
Ray Charles

Bryan
    $400 18
Lenin

Shane
    $400 21
Shreveport

Shane
    $500 12
Saratoga

Shane
    $500 30
Heathers

Vandana
    $500 5
Thor Heyerdahl

Vandana
    $500 28
Robert Schumann

Shane
    $500 19
the Folger Library

Vandana
    $500 22
shaman

Shane

Scores at the first commercial break (after clue 12):

Shane Bryan Vandana
$2,100 $100 $700

Scores at the end of the Jeopardy! Round:

Shane Bryan Vandana
$4,900 $1,700 $2,100

Double Jeopardy! Round responses

BOOKS & AUTHORS
WOMEN IN HISTORY
BUSINESS & INDUSTRY
ROCKS & MINERALS
WORLD LEADERS
CARTOGRAPHY
    $200 1
Jimmy Carter

Vandana
    $200 11
Pocahontas

Bryan
    $200 22
Goodyear

Bryan
    $200 17
sulfur

Vandana
    $200 6
John Major

Shane
    $200 12
surveying

Shane
    $400 2
John Grisham

Vandana
    $400 13
Josephine

Shane
    $400 24
(Bryan: What is Vlasic?)

Heinz

Bryan
Triple Stumper
    $400 23
veins

Triple Stumper
    $400 7
Vaclav Havel

Shane
    $400 18
weather map

Shane
    $600 3
Willa Cather

Bryan
    $600 14
Florence Nightingale

Shane
    $600 25
Sprite

Shane
    $600 27
(Alex: The formula of salt.)

NaCl

Vandana
    $600 8
F.W. de Klerk

Shane
    $600 19
Ptolemy

Shane
    $800 4
Robert Louis Stevenson

Bryan
    $3,000 15
Elizabeth Dole

Shane
    $800 26
Harley-Davidson

Vandana
    $800 28
cinnabar

Vandana
    $800 9
Jacques Chirac

Shane
    $800 20
meridians

Triple Stumper
    $3,100 5
(Bryan: What are the.... philippics?)

The Republic

Bryan
    $1000 16
Mary Surratt

Vandana
    $1000 30
Compaq

Bryan
    $1000 29
gneiss

Triple Stumper
    $1000 10
Nicolae Ceausescu

Shane
    $1000 21
Gerardus Mercator

Shane

Scores at the end of the Double Jeopardy! Round:

Shane Bryan Vandana
$14,700 $1,000 $6,100

Final Jeopardy! Round responses

SCIENTISTS
BryanWho was Galileo?
$999
VandanaWho was Galileo?
$3,000
ShaneWho was Galileo?
$5,300
Galileo

Final scores:

Shane Bryan Vandana
$20,000 $1,999 $9,100

Game dynamics:

Coryat scores:

Shane Bryan Vandana
$12,400 $4,100 $6,100
28 R
(including 2 DDs),
1 W
13 R,
3 W
(including 1 DD)
14 R,
0 W

Combined Coryat: $22,600

[game clues] [game scores] [suggest correction]

Game tape date: 1996-01-10
The J! Archive is created by fans, for fans. Scraping, republication, monetization, and malicious use prohibited; this site may use cookies and collect identifying information. See terms. The Jeopardy! game show and all elements thereof, including but not limited to copyright and trademark thereto, are the property of Jeopardy Productions, Inc. and are protected under law. This website is not affiliated with, sponsored by, or operated by Jeopardy Productions, Inc. Join the discussion at JBoard.tv.